|
|
|
|
| LEADER |
00000nab a2200000 ar4500 |
| 001 |
vtls009332299 |
| 003 |
SK-MaSNL |
| 005 |
20260426071047.0 |
| 008 |
080910c2008 xo mr|p|||||||000 b|slo |
| 015 |
|
|
|a SNBRB2008/09
|2 snkbucl
|
| 038 |
|
|
|a SNKBUCL
|
| 040 |
|
|
|a SNKBUCL
|b slo
|c SNKBUCL
|e AACR2
|
| 041 |
0 |
|
|a slo
|
| 044 |
|
|
|a xo
|c SK
|
| 080 |
|
|
|a 336.226.1:336.744
|x (4:437.6)
|2 2001
|
| 080 |
|
|
|a 336.226.322:336.744
|x (4:437.6)
|2 2001
|
| 080 |
|
|
|a 336.744
|x (4:437.6)
|2 2001
|
| 100 |
1 |
|
|a Jurčíková, Božena
|4 aut
|9 415894
|
| 245 |
1 |
0 |
|a Prechod na menu euro a dane
|c Božena Jurčíková
|
| 650 |
0 |
7 |
|a dane z príjmov
|2 snkbucl
|9 2125
|
| 650 |
0 |
7 |
|a daň z pridanej hodnoty
|2 snkbucl
|9 2119
|
| 650 |
0 |
7 |
|a eurokonverzia
|2 snkbucl
|9 770213
|
| 650 |
0 |
7 |
|a jednotná európska mena
|2 snkbucl
|9 28024
|
| 651 |
|
7 |
|a Slovensko
|2 snkbucl
|9 14231
|
| 773 |
0 |
|
|t Účtovníctvo. Audítorstvo. Daňovníctvo v teórii a praxi
|g Roč. XVI, č. 6 (2008), s. 208-216
|x 1335-2024
|
| 852 |
|
|
|a SNK
|b KIS3GCP
|
| 958 |
|
|
|a SK
|
| 999 |
|
|
|c 2674413
|d 2676343
|